00460nam a2200097Ia 45000010005000000080041000050820022000461000114000682450119001822600061003014594241024s9999 xx 000 0 und d aRD/371/R426p/2016 aRepública Dominicana. Ministerio de Educación. Distrito Educativo 08-05 de Santiago Centro Oeste (MINERD) 0aPostulación al premio nacional de calidad y reconocimiento a prácticas promisoras, Distrito Educativo 05, 2016 bSantiago de los Caballeros, República Dominicanac2016